Literary history of sanskrit buddhism (from Winternitz, Sylvain Levi, Huber) / (Record no. 125139)

MARC details
000 -LEADER
fixed length control field 00692nam a22002177a 4500
005 - DATE AND TIME OF LATEST TRANSACTION
control field 20170124105949.0
010 ## - LIBRARY OF CONGRESS CONTROL NUMBER
LC control number 712700
020 ## - INTERNATIONAL STANDARD BOOK NUMBER
Terms of availability 00.00
035 ## - SYSTEM CONTROL NUMBER
System control number 712700
037 ## - SOURCE OF ACQUISITION
Source of stock number/acquisition Cen Lib/Ret
040 ## - CATALOGING SOURCE
Original cataloging agency DPL
Language of cataloging EN
082 ## - DEWEY DECIMAL CLASSIFICATION NUMBER
Classification number 250
Item number NAR
100 ## - MAIN ENTRY--PERSONAL NAME
Personal name Nariman, G.K.
9 (RLIN) 13143
245 ## - TITLE STATEMENT
Title Literary history of sanskrit buddhism (from Winternitz, Sylvain Levi, Huber) /
Statement of responsibility, etc by G.k. Nrariman
260 ## - PUBLICATION, DISTRIBUTION, ETC. (IMPRINT)
Place of publication, distribution, etc Varansi
Name of publisher, distributor, etc Indological Book House
Date of publication, distribution, etc 1973
270 ## - ADDRESS
City Varansi
300 ## - PHYSICAL DESCRIPTION
Extent xiii, 392p.
Dimensions 20cm(Hb)
650 ## - SUBJECT ADDED ENTRY--TOPICAL TERM
Topical term or geographic name as entry element Tripiáš­aka -- Criticism, interpretation, etc
9 (RLIN) 72940
650 ## - SUBJECT ADDED ENTRY--TOPICAL TERM
Topical term or geographic name as entry element Sanskrit literature -- History and criticism
9 (RLIN) 12062
942 ## - ADDED ENTRY ELEMENTS (KOHA)
Source of classification or shelving scheme Dewey Decimal Classification
Koha item type English Books
Classification part 250
Call number suffix NAR
Holdings
Withdrawn status Lost status Damaged status Not for loan Home library Current library Date acquired Source of acquisition Cost, normal purchase price Total Checkouts Full call number Barcode Date last seen Copy number Cost, replacement price Price effective from Koha item type Public note
Written off       Central Library Central Library 19/06/2015 Cen Lib/Ret 0.00   250 NAR 712700 19/06/2015 1 0.00 19/06/2015 English Books W/d List No. 6894/6 ; dtd 17/10/2020

© Delhi Public Library
Hit Counter
free hit counter